Streets of Harwood Heights, CHICAGO - Statistics

General Stats
  • This quiz has been taken 5 times
  • The average score is 26 of 36
Answer Stats
Block Street % Correct
5200 N Foster
100%
4800 N Lawrence
100%
4400 N Montrose
100%
4900 N Ainslie
75%
5100 N Carmen
75%
SW/NE Forest Preserve
75%
4832 N Gunnison
75%
4700 N Leland
75%
6432 W Nagle
75%
6600 W Nashville
75%
6500 W Natchez
75%
6532 W Neenah
75%
6832 W Newcastle
75%
6900 W New England
75%
6932 W Newland
75%
6800 W Oak Park
75%
7232 W Oconto
75%
7300 W Octavia
75%
7332 W Odell
75%
7400 W Oketo
75%
7500 W Olcott
75%
7600 W Oriole
75%
7100 W Ronald
75%
6732 W Rutherford
75%
7000 W Sayre
75%
4932 N Strong
75%
4500 N Sunnyside
75%
4600 N Wilson
75%
5032 N Winnemac
75%
5132 N Winona
75%
5000 N Argyle
50%
4300 N Cullom
50%
4732 N Giddings
50%
7200 W Harlem
50%
6400 W Narragansett
50%
7700 W Overhill
50%
No matching quizzes found
Score Distribution
Percent of People with Each Score
Percentile by Number Answered
Your Score History
You have not taken this quiz